Paroles - La Reine d'Angleterre - Philippe Katerine - Statistiques

Statistiques générales
  • Ce quiz a été pris 19 fois
  • Le résultat moyen est 101 sur 121
Statistiques - réponses
Paroles % Correct
à
100%
Angleterre
100%
chie
100%
d'
100%
et
100%
je
100%
Je
100%
la
100%
raie
100%
reine
100%
suis
100%
vous
100%
Bonjour,
93%
le
79%
ainsi
71%
am
71%
est
71%
fait
71%
Hello,
71%
I
71%
monde
71%
of
71%
queen
71%
the
71%
your
71%
and
64%
car
64%
on
64%
because
57%
face
57%
is
57%
shitting
57%
world
57%
Kingdom
50%
perfect
14%
Aucun quiz correspondant
Distribution des résultats
% des personnes avec chaque résultat
Percentile par nombre de réponses
Votre historique - résultats
Vous n’avez pas pris ce quiz